| 000 | 00877cam a2200229 a 4500 | ||
|---|---|---|---|
| 001 | 000005940 | ||
| 005 | 20200929151842.0 | ||
| 008 | 861121s1986 nq a 001 0cspa | ||
| 040 |
_aDO-SdBNP _bspa _cBNPHU |
||
| 082 |
_a972.85053 _bM828c |
||
| 100 | 1 |
_aMorales, Arqueles, _d1940-1988. _916735 |
|
| 245 | 1 | 0 |
_aCon el corazón en el disparador : _blas batallas del frente interno / _cArqueles Morales ; edición Rolando Steiner. |
| 260 |
_aManagua, Nicaragua : _bVanguardia, _c1986. |
||
| 300 |
_a190 p. : _bil. ; _c20 cm. |
||
| 490 | 1 |
_aProtagonistas _v2 |
|
| 500 | _aIncluye notas al pie de las páginas | ||
| 651 | 4 |
_aNicaragua _xHistoria _xRevoluciòn _y1979 _916736 |
|
| 651 | 4 |
_aNicaragua _xHistoria _xInsurrecciòn Popular _916737 |
|
| 610 | 2 | 0 |
_aFRENTE SANDINISTA DE LIBERACION NACIONAL. _916738 |
| 700 | 1 |
_aSteiner, Rolando, _eed. _916739 |
|
| 830 | 0 |
_aProtagonistas ; _n2 _916740 |
|
| 999 |
_c5736 _d5736 |
||